000 05280cam a22018854i 4500
003 PE-LiUPU
005 20250813165346.0
008 130627s2012 sp ob 001 0 spa d
020 _z9788483648728
035 _a(Sirsi) a157856
040 _aE7B
_bspa
_epn
_cE7B
_dOCLCQ
_dOCLCO
_dOCLCF
_dPE-LiUPU
_erda
049 _aPRUA
050 4 _aTD897
_b.P326 2012eb
080 _a628.5.004.82
082 0 4 _a628.4
_bP29
_223
100 1 _aPaulete Jiménez, Inmaculada,
_eautor.
245 1 0 _aIdentificación de residuos industriales /
_cInmaculada Paulete Jiménez.
246 1 4 _aUF0287 :
_bidentificación de residuos industriales
264 _aAntequera, Málaga :
_bIC editorial,
_c2012.
300 _a102 páginas :
_bilustraciones ;
_c24 centímetros.
336 _text
_2rdacontent
337 _unmediated
_2rdamedia
338 _volume
_2rdacarrier
500 _aEn cubierta: Certificado de profesionalidad. CEAG0108- Gestión de residuos urbanos e industriales.
504 _abibliografía : páginas 101-102.
505 2 _aIntroducción Tipos de residuos industriales -- Efectos de la salud pública y el medio ambiente -- Fuentes y producción Gestión interna de los residuos industriales -- Importancia de la minimización -- Gestión externa de residuos industriales -- Resumen -- Legislación en materia de residuos industriales -- Marco de responsabilidades ambientales normativa sobre residuos industriales -- Protocolo de admision de residuos industriales --Protocolo de admisión de residuos en plantas de tratamiento o vertederos -- Residuos admisibles en vertedero -- Resumen.
526 _aP203
526 _aP200
526 _aSEG65
526 _aSEG64
526 _aSEG63
526 _aSEG62
526 _aSEG61
526 _aSEG60
526 _aSEG59
526 _aSEG58
526 _aSEG57
526 _aSEG56
526 _aSEG55
526 _aSEG54
526 _aSEG53
526 _aSEG52
526 _aSEG51
526 _aSEG50
526 _aSEG49
526 _aSEG48
526 _aSEG47
526 _aSEG46
526 _aSEG24
526 _aSEG23
526 _aSEG22
526 _aSEG21
526 _aSEG20
526 _aSEG19
526 _aSEG18
526 _aSEG17
526 _aSEG16
526 _aSEG14
526 _aSEG13
526 _aSEG12
526 _aSEG11
526 _aSEG10
526 _aSEG09
526 _aSEG06
526 _aSEG05
526 _aSEG04
526 _aSEG03
526 _aSEG02
526 _aSEG68
526 _aSEG66
526 _aSEG45
526 _aSEG25
526 _aSEG01
526 _aP163
526 _aP162
526 _aP161
526 _aP160
526 _aP159
526 _aP158
526 _aP157
526 _aP156
526 _aP155
526 _aP154
526 _aP153
526 _aP152
526 _aP151
526 _aP150
526 _aP149
526 _aP142
526 _aP141
526 _aP140
526 _aP139
526 _aP138
526 _aP137
526 _aP132
526 _aP131
526 _aP130
526 _aP126
526 _aP125
526 _aP124
526 _aP123
526 _aP115
526 _aP122
526 _aP121
526 _aP116
526 _a P114
526 _aP112
526 _aP111
526 _aP104
526 _aP103
526 _aP102
526 _aP101
526 _aP100
526 _aP96
526 _aP95
526 _aP93
526 _aP92
526 _aP91
526 _aP88
526 _aP83
526 _aP82
526 _aP79
526 _aP78
526 _aP75
526 _aP74
526 _aP71
526 _aP69
526 _a P51
526 _aP49
526 _aP48
526 _aP47
526 _aP33
526 _aP31
526 _a P30
526 _aP29
526 _aP27
526 _aP26
526 _aP25
526 _aP24
526 _a P22
526 _aP10
526 _aP09
526 _a P08
526 _aP06
526 _aP05
526 _aP04
526 _aP01
541 _g0020-0000647;
650 4 _aResiduos industriales.
_93048
650 4 _aResiduos urbanos.
910 _ajck
_bncf
_cncf
_d20170807
942 _2ddc
_cBOOK
949 _a628.4 P29
_wDEWEY
_c1
_i74014
_lCATALOGING
_mBUL
_p13.06
_r0
_sY
_tBOOK
_u2016-07-08
_xINGENIERIA
_PP24
_0COMPRA
_o.STAFF. Colección General
994 _aC0
_bPEPRU
596 _a1
999 _a628.4 P29
_wDEWEY
_c10503
_i74014
_d10503
_e2016-8-21
_f2021-11-9
_g7
_lCCODEBUL1
_mBUL
_n1
_p13.06
_q1
_r0
_sY
_tBOOK
_u2016-7-8
_xINGENIERIA
_PP24
_0COMPRA
_o.STAFF. Colección General
999 _a628.4 P29
_wDEWEY
_c2
_i76673
_d2018-3-8
_f2021-11-9
_g4
_lCCODEBUL1
_mBUL
_p13.25
_q1
_r0
_sY
_tBOOK
_u2017-8-7
_xINGENIERIA
_PP24
_0COMPRA
_o.STAFF. Colección Ingeniería y Arquitectura
999 _a628.4 P29
_wDEWEY
_c3
_i76674
_f2021-11-9
_g4
_lCCODEBUL1
_mBUL
_p13.25
_r0
_sY
_tBOOK
_u2017-8-7
_xINGENIERIA
_PP24
_0COMPRA
_o.STAFF. Colección Ingeniería y Arquitectura
980 _81
_gALBERTO SANCHEZ Responsable de Automatización